000
00263nam a2200109Ia 4500
008
200302s9999 xx 000 0 und d
100
_a
William J. R. Curtis
245
_a
Modern Architecture Since 1900
260
_b
Phaidon Press
260
_c
1996
300
_a
736 P
999
_c
4376
_d
4376